<?xml version="1.0" encoding="UTF-8"?><record xmlns="http://www.loc.gov/MARC21/slim" xmlns:zs="http://docs.oasis-open.org/ns/search-ws/sruResponse">
  <leader>04734cgm a2200913 a 4500</leader>
  <controlfield tag="001">11708765</controlfield>
  <controlfield tag="005">20260302175406.7</controlfield>
  <controlfield tag="007">mr bf  dnnartnna|------</controlfield>
  <controlfield tag="007">mr bf  dnnbdtnna|------</controlfield>
  <controlfield tag="007">mr bf  dnnaeanna|------</controlfield>
  <controlfield tag="007">cr b| ||||||||</controlfield>
  <controlfield tag="007">kh bo </controlfield>
  <controlfield tag="008">980115t19001902xxu001            mleng  </controlfield>
  <datafield ind1=" " ind2=" " tag="906">
    <subfield code="a">7</subfield>
    <subfield code="b">cbc</subfield>
    <subfield code="c">orignew</subfield>
    <subfield code="d">u</subfield>
    <subfield code="e">ncip</subfield>
    <subfield code="f">19</subfield>
    <subfield code="g">y-movingim</subfield>
  </datafield>
  <datafield ind1=" " ind2=" " tag="955">
    <subfield code="i">qm10 2011-06-08</subfield>
    <subfield code="i">qm22 2019-01-25</subfield>
    <subfield code="c">qm22 2020-05-27</subfield>
    <subfield code="a">qm22 2026-02-27</subfield>
  </datafield>
  <datafield ind1=" " ind2=" " tag="955">
    <subfield code="a">LCAP batch update 2025-06-01-04:00: LCAPM-1033</subfield>
  </datafield>
  <datafield ind1=" " ind2=" " tag="010">
    <subfield code="a">   98500873 </subfield>
  </datafield>
  <datafield ind1=" " ind2=" " tag="017">
    <subfield code="a">H16738</subfield>
    <subfield code="b">U.S. Copyright Office</subfield>
  </datafield>
  <datafield ind1="0" ind2="0" tag="033">
    <subfield code="a">19000205</subfield>
    <subfield code="b">3062</subfield>
    <subfield code="c">L8</subfield>
  </datafield>
  <datafield ind1=" " ind2=" " tag="035">
    <subfield code="a">11708765</subfield>
  </datafield>
  <datafield ind1=" " ind2=" " tag="035">
    <subfield code="9">(DLC)   98500873</subfield>
  </datafield>
  <datafield ind1=" " ind2=" " tag="040">
    <subfield code="a">DLC</subfield>
    <subfield code="c">DLC</subfield>
    <subfield code="e">amim</subfield>
    <subfield code="d">DLC</subfield>
  </datafield>
  <datafield ind1=" " ind2=" " tag="043">
    <subfield code="a">a-ph---</subfield>
  </datafield>
  <datafield ind1=" " ind2=" " tag="046">
    <subfield code="k">1900</subfield>
    <subfield code="2">edtf</subfield>
  </datafield>
  <datafield ind1="0" ind2="0" tag="050">
    <subfield code="a">FLA 3865 (viewing print)</subfield>
  </datafield>
  <datafield ind1="0" ind2="0" tag="050">
    <subfield code="a">FRA 1077 (dupe neg pic)</subfield>
  </datafield>
  <datafield ind1="0" ind2="0" tag="050">
    <subfield code="a">FRB 1451 (master pos pic)</subfield>
  </datafield>
  <datafield ind1="0" ind2="0" tag="050">
    <subfield code="a">Box 0151E (paper pos)</subfield>
  </datafield>
  <datafield ind1="0" ind2="0" tag="050">
    <subfield code="a">Box 5402 (paper pos, copy 2)</subfield>
  </datafield>
  <datafield ind1="0" ind2="3" tag="245">
    <subfield code="a">An historic feat /</subfield>
    <subfield code="c">American Mutoscope and Biograph Company.</subfield>
  </datafield>
  <datafield ind1="1" ind2=" " tag="246">
    <subfield code="i">Shooting title in Biograph production log:</subfield>
    <subfield code="a">Gen. Bell's pack train swimming Agno River</subfield>
  </datafield>
  <datafield ind1="1" ind2=" " tag="246">
    <subfield code="i">Title in Biograph photo catalog, v. 3:</subfield>
    <subfield code="a">Bell's pack train swimming Agno River</subfield>
  </datafield>
  <datafield ind1=" " ind2=" " tag="257">
    <subfield code="a">United States</subfield>
    <subfield code="2">naf</subfield>
  </datafield>
  <datafield ind1=" " ind2=" " tag="260">
    <subfield code="a">United States :</subfield>
    <subfield code="b">American Mutoscope and Biograph Company,</subfield>
    <subfield code="c">[1900]</subfield>
  </datafield>
  <datafield ind1=" " ind2=" " tag="300">
    <subfield code="3">viewing print</subfield>
    <subfield code="a">1 film reel of 1 (30 ft.) :</subfield>
    <subfield code="b">si., b&amp;w ;</subfield>
    <subfield code="c">16 mm.</subfield>
  </datafield>
  <datafield ind1=" " ind2=" " tag="300">
    <subfield code="3">dupe neg pic</subfield>
    <subfield code="a">1 film reel of 1 (30 ft.) :</subfield>
    <subfield code="b">si., b&amp;w ;</subfield>
    <subfield code="c">16 mm.</subfield>
  </datafield>
  <datafield ind1=" " ind2=" " tag="300">
    <subfield code="3">master pos pic</subfield>
    <subfield code="a">1 film reel of 1 (ca. 30 ft.) :</subfield>
    <subfield code="b">si., b&amp;w ;</subfield>
    <subfield code="c">16 mm.</subfield>
  </datafield>
  <datafield ind1=" " ind2=" " tag="300">
    <subfield code="3">paper pos</subfield>
    <subfield code="a">1 roll of 1 (ca. 50 ft.) :</subfield>
    <subfield code="b">si., b&amp;w ;</subfield>
    <subfield code="c">35 mm.</subfield>
  </datafield>
  <datafield ind1=" " ind2=" " tag="300">
    <subfield code="3">paper pos (copy 2)</subfield>
    <subfield code="a">1 roll of 1 (ca. 50 ft.) :</subfield>
    <subfield code="b">b&amp;w ;</subfield>
    <subfield code="c">35 mm.</subfield>
  </datafield>
  <datafield ind1=" " ind2=" " tag="336">
    <subfield code="a">two-dimensional moving image</subfield>
    <subfield code="b">tdi</subfield>
    <subfield code="2">rdacontent</subfield>
  </datafield>
  <datafield ind1=" " ind2=" " tag="336">
    <subfield code="a">still image</subfield>
    <subfield code="b">sti</subfield>
    <subfield code="2">rdacontent</subfield>
  </datafield>
  <datafield ind1=" " ind2=" " tag="337">
    <subfield code="a">projected</subfield>
    <subfield code="b">g</subfield>
    <subfield code="2">rdamedia</subfield>
  </datafield>
  <datafield ind1=" " ind2=" " tag="337">
    <subfield code="a">unmediated</subfield>
    <subfield code="b">n</subfield>
    <subfield code="2">rdamedia</subfield>
  </datafield>
  <datafield ind1=" " ind2=" " tag="338">
    <subfield code="a">film reel</subfield>
    <subfield code="b">mr</subfield>
    <subfield code="2">rdacarrier</subfield>
  </datafield>
  <datafield ind1=" " ind2=" " tag="338">
    <subfield code="a">roll</subfield>
    <subfield code="b">na</subfield>
    <subfield code="2">rdacarrier</subfield>
  </datafield>
  <datafield ind1=" " ind2=" " tag="500">
    <subfield code="a">Copyright: American Mutoscope &amp; Biograph Co.; 18Apr1902; H16738.</subfield>
  </datafield>
  <datafield ind1=" " ind2=" " tag="500">
    <subfield code="a">Original main title lacking.</subfield>
    <subfield code="5">DLC</subfield>
  </datafield>
  <datafield ind1=" " ind2=" " tag="500">
    <subfield code="a">Probable release date from AFI catalog: film beginnings, 1893-1910.</subfield>
  </datafield>
  <datafield ind1=" " ind2=" " tag="500">
    <subfield code="a">Duration: 0:50 at 16 fps.</subfield>
  </datafield>
  <datafield ind1=" " ind2=" " tag="500">
    <subfield code="a">Biograph production no. 1455.</subfield>
  </datafield>
  <datafield ind1=" " ind2=" " tag="500">
    <subfield code="a">Paper print shelf number (LC 0851) was changed when the paper prints were re-housed.</subfield>
    <subfield code="5">DLC</subfield>
  </datafield>
  <datafield ind1=" " ind2=" " tag="500">
    <subfield code="a">Sources used: Copyright catalog, motion pictures, 1894-1912; Niver, K. Early motion pictures, p. 140; Biograph photo catalog, v. 3; American Mutoscope &amp; Biograph picture catalogue, 1902, p. 181 [MI]; Biograph bulletins 1896-1908, p. 66; Biograph production logs; AFI catalog, film beginnings, 1893-1910, p. 472.</subfield>
  </datafield>
  <datafield ind1=" " ind2=" " tag="508">
    <subfield code="a">Camera, C. Fred Ackerman.</subfield>
  </datafield>
  <datafield ind1=" " ind2=" " tag="518">
    <subfield code="a">Filmed February 5, 1900, on the Agno River on the island of Luzon in the Philippines.</subfield>
  </datafield>
  <datafield ind1=" " ind2=" " tag="520">
    <subfield code="a">"Gen. Franklin Bell's famous mule pack train swimming the Agno River in Northern Luzon. This is one of the most notable incidents of the Philippine War. The picture has made a decided sensation wherever it has been shown"--American Mutoscope &amp; Biograph picture catalogue.</subfield>
  </datafield>
  <datafield ind1=" " ind2=" " tag="530">
    <subfield code="a">Available also through the Library of Congress Web site as digital files.</subfield>
  </datafield>
  <datafield ind1=" " ind2=" " tag="541">
    <subfield code="3">paper pos (copy 2)</subfield>
    <subfield code="d">Received: 1902-04-18;</subfield>
    <subfield code="c">copyright deposit;</subfield>
    <subfield code="a">Paper Print Collection.</subfield>
  </datafield>
  <datafield ind1=" " ind2=" " tag="581">
    <subfield code="a">Early motion pictures : the Paper Print Collection in the Library of Congress / by Kemp R. Niver. Library of Congress. 1985.</subfield>
  </datafield>
  <datafield ind1="1" ind2="0" tag="600">
    <subfield code="a">Bell, James Franklin,</subfield>
    <subfield code="d">1856-1919.</subfield>
  </datafield>
  <datafield ind1=" " ind2="0" tag="650">
    <subfield code="a">Fords (Stream crossings)</subfield>
    <subfield code="z">Philippines</subfield>
    <subfield code="z">Agno River.</subfield>
  </datafield>
  <datafield ind1=" " ind2="0" tag="650">
    <subfield code="a">Mules</subfield>
    <subfield code="z">Philippines</subfield>
    <subfield code="z">Agno River.</subfield>
  </datafield>
  <datafield ind1=" " ind2="0" tag="651">
    <subfield code="a">Philippines</subfield>
    <subfield code="x">History</subfield>
    <subfield code="y">Philippine American War, 1899-1902.</subfield>
  </datafield>
  <datafield ind1=" " ind2="7" tag="655">
    <subfield code="a">Actualities (Motion pictures)</subfield>
    <subfield code="2">lcgft</subfield>
  </datafield>
  <datafield ind1=" " ind2="7" tag="655">
    <subfield code="a">Silent films.</subfield>
    <subfield code="2">lcgft</subfield>
  </datafield>
  <datafield ind1=" " ind2="7" tag="655">
    <subfield code="a">Short films.</subfield>
    <subfield code="2">lcgft</subfield>
  </datafield>
  <datafield ind1=" " ind2="7" tag="655">
    <subfield code="a">Nonfiction films.</subfield>
    <subfield code="2">lcgft</subfield>
  </datafield>
  <datafield ind1="1" ind2=" " tag="700">
    <subfield code="a">Ackerman, C. Fred,</subfield>
    <subfield code="e">camera operator.</subfield>
  </datafield>
  <datafield ind1="2" ind2=" " tag="710">
    <subfield code="a">American Mutoscope and Biograph Company,</subfield>
    <subfield code="e">production company,</subfield>
    <subfield code="e">film distributor.</subfield>
  </datafield>
  <datafield ind1="2" ind2=" " tag="710">
    <subfield code="a">Paper Print Collection (Library of Congress)</subfield>
    <subfield code="5">DLC</subfield>
  </datafield>
  <datafield ind1="0" ind2=" " tag="773">
    <subfield code="t">Niver (Kemp) Collection (Library of Congress)</subfield>
  </datafield>
  <datafield ind1="1" ind2="8" tag="786">
    <subfield code="t">Historic feat</subfield>
    <subfield code="w">(DLC) 1836895</subfield>
    <subfield code="n">AVCMS</subfield>
  </datafield>
  <datafield ind1=" " ind2=" " tag="852">
    <subfield code="a">Library of Congress</subfield>
    <subfield code="b">Motion Picture, Broadcasting and Recorded Sound Division</subfield>
    <subfield code="e">Washington, D.C. 20540 USA</subfield>
    <subfield code="n">dcu</subfield>
  </datafield>
  <datafield ind1="4" ind2="1" tag="856">
    <subfield code="3">Digital viewing copy in National Screening Room</subfield>
    <subfield code="d">ntscrm</subfield>
    <subfield code="f">01836895</subfield>
    <subfield code="u">https://hdl.loc.gov/loc.mbrsmi/ntscrm.01836895</subfield>
  </datafield>
  <datafield ind1=" " ind2=" " tag="952">
    <subfield code="a">Paper print roll lacking suffix.</subfield>
  </datafield>
  <datafield ind1=" " ind2=" " tag="953">
    <subfield code="a">TE01</subfield>
  </datafield>
  <datafield ind1=" " ind2=" " tag="985">
    <subfield code="a">mi/spanam</subfield>
    <subfield code="e">ammem</subfield>
  </datafield>
  <datafield ind1=" " ind2=" " tag="985">
    <subfield code="a">nsr</subfield>
  </datafield>
  <datafield ind1=" " ind2=" " tag="991">
    <subfield code="b">c-MP&amp;TV</subfield>
    <subfield code="h">FLA 3865 (ref print)</subfield>
    <subfield code="w">MUMS VM File</subfield>
  </datafield>
  <datafield ind1=" " ind2=" " tag="991">
    <subfield code="b">c-MP&amp;TV</subfield>
    <subfield code="h">FRA 1077 (dupe neg)</subfield>
    <subfield code="w">MUMS VM File</subfield>
  </datafield>
</record>
